Instruments aratoires / (Record no. 152284)

MARC details
000 -LEADER
campo de control de longitud fija 00640nam a22001935i 4500
001 - NÚMERO DE CONTROL
campo de control 152284
003 - IDENTIFICADOR DE NÚMERO DE CONTROL
campo de control ES-MaACL
005 - FECHA Y HORA DE LA ÚLTIMA TRANSACCIÓN
campo de control 20230906204625.0
008 - DATOS DE LONGITUD FIJA--INFORMACIÓN GENERAL
campo de control de longitud fija 051014s1858 xx a | |||||||| ||fre d
100 1# - ENTRADA PRINCIPAL--NOMBRE DE PERSONA
Nombre de persona Bodin, Jean Jules.
9 (RLIN) 126034
245 10 - MENCIÓN DEL TÍTULO
Título Instruments aratoires /
Mención de responsabilidad, etc. par J. Bodin.
260 ## - PUBLICACIÓN, DISTRIBUCIÓN, ETC.
Lugar de publicación, distribución, etc. [S.l. :
Nombre del editor, distribuidor, etc. s.n,
Fecha de publicación, distribución, etc. 1858]
300 ## - DESCRIPCIÓN FÍSICA
Extensión 16 p., [44] p. de lám. ;
Dimensiones 20 cm.
594 ## - Nota al título y mención de responsabilidad
Nota al título y mención de responsabilidad Tit. y autor tomados de comienzo de texto.
596 ## - NOTA AL PIE DE IMPRENTA
NOTA AL PIE DE IMPRENTA En p.1 consta 1858.
599 ## - NOTA A LAS ILUSTRACIONES
NOTA A LAS ILUSTRACIONES Las [44] p. son il. de arados.
650 #4 - PUNTO DE ACCESO ADICIONAL DE MATERIA--TÉRMINO DE MATERIA
Término de materia o nombre geográfico como elemento de entrada Arados.
9 (RLIN) 135588
852 4# - LOCALIZACIÓN
Ubicación ES-MaACL
Número de control de estantería T-1-F-8
Nota libre - Enc. hol. , falto de port.
-- - Enc. en un vol. facticio
Holdings
Estatus retirado Estado de pérdida Estado de daño No para préstamo Colección Biblioteca de origen Biblioteca actual Ubicación en estantería Fecha de adquisición Total de préstamos Signatura topográfica completa Código de barras Visto por última vez Precio de reemplazo Tipo de ítem Koha
        Colección de folletos Biblioteca del Ateneo de Madrid Biblioteca del Ateneo de Madrid Depósito folletos 17/01/2008   T-1-F-8 1158996 23/02/2023 23/02/2023 Folleto